00580 a2200181 4500003000500000005001700005040000900022082001000031245005700041260005000098300001100148505005700159538003200216650001800248942001200266999001900278952010100297Nust20170207154214.0 cNust a378.4 aCheltenham & GloucesterbCollege of higher education aGloucesterbCollege of higher educationc2001 a148 p. aDegree Programmes (page-24) HND Programmes (Page-70) aAlmirah No. 117 Shelf No. 2 aUG Prospectus 2ddccBK c195028d195028 00102ddc40708NFICaMCSbMCSd2016-12-12l0o378.4 CHEpMCSPS-56r2016-12-08w2016-12-12yBK